| 000 | nam a22 7a 4500 | ||
|---|---|---|---|
| 999 |
_c127528 _d127528 |
||
| 008 | 180220b xxu||||| |||| 00| 0 eng d | ||
| 020 | _a9780620776264 | ||
| 050 | _aBX1682.Z5 R729 | ||
| 100 |
_aRogers, Ted _939469 |
||
| 245 |
_aMissionary martyrs of Rhodesia and Zimbabwe 1976-1988 _cTed Rogers |
||
| 260 |
_aSouth Africa _bCluster Publications _c2017 |
||
| 300 |
_a215p. ; _c2cm. |
||
| 650 |
_aCatholic Church in Zimbabwe _xHistory _98894 |
||
| 650 |
_aMartyrs _zZimbabwe _939470 |
||
| 700 |
_aKearney, Paddy (ed.) _939471 |
||
| 942 |
_2lcc _cMONOGRAPH |
||